luyện thi chứng chỉ IELTS các khối thi học thuật = Prepare for IELTS academic modules
Nội dung cuốn sách gồm những hướng dẫn và các bài tập nghe, nói, đọc, viết cho chương trình luyện thi IELTS.
Spremljeno u:
| Glavni autor: | |
|---|---|
| Format: | Knjiga |
| Jezik: | Undetermined |
| Izdano: |
Thành phố Hồ Chí Minh
Nhà xuất bản Thành phố Hồ Chí Minh
2000
|
| Teme: | |
| Oznake: |
Dodaj oznaku
Bez oznaka, Budi prvi tko označuje ovaj zapis!
|
| Thư viện lưu trữ: | Trung tâm Học liệu Trường Đại học Cần Thơ |
|---|
| LEADER | 00953nam a2200205Ia 4500 | ||
|---|---|---|---|
| 001 | CTU_159475 | ||
| 008 | 210402s9999 xx 000 0 und d | ||
| 082 | |a 428.24 | ||
| 082 | |b T636 | ||
| 100 | |a Todd, Vanessa | ||
| 245 | 0 | |a luyện thi chứng chỉ IELTS các khối thi học thuật = | |
| 245 | 0 | |b Prepare for IELTS academic modules | |
| 245 | 0 | |c Vanessa Todd, Penny Cameron ; Lê Huy Lâm ( dịch ) | |
| 260 | |a Thành phố Hồ Chí Minh | ||
| 260 | |b Nhà xuất bản Thành phố Hồ Chí Minh | ||
| 260 | |c 2000 | ||
| 520 | |a Nội dung cuốn sách gồm những hướng dẫn và các bài tập nghe, nói, đọc, viết cho chương trình luyện thi IELTS. | ||
| 650 | |a English language,Study guides,Study guides,Anh ngữ | ||
| 650 | |x Textbooks for foreign speakers,Sách cho nguời nước ngoài | ||
| 980 | |a Trung tâm Học liệu Trường Đại học Cần Thơ | ||